Normal view
MARC view
- Darvish Hussain M
Entry Personal Name
001 - CONTROL NUMBER
- control field: 4998
003 - CONTROL NUMBER IDENTIFIER
- control field: OSt
005 - DATE AND TIME OF LATEST TRANSACTION
- control field: 20210907142130.0
008 - FIXED-LENGTH DATA ELEMENTS
- fixed length control field: 210907|| aca||aabn | a|a d
040 ## - CATALOGING SOURCE
- Original cataloging agency: OSt
- Transcribing agency: OSt
100 ## - HEADING--PERSONAL NAME
- Personal name: Darvish Hussain M
670 ## - SOURCE DATA FOUND
- Source citation: Work cat.: (OSt)17401: Anjali S 4963, Static analysis of the Hitech and frame assembly and field performance testing of KAU manure pulverizer cum applicator, 2021
